| 000 | 00523nam a2200181Ia 4500 | ||
|---|---|---|---|
| 005 | 20260415160315.0 | ||
| 008 | 008 250505s9999 xx 000 0 hin d | ||
| 037 | _aBooks to be hide in OPAC | ||
| 040 |
_aFEDL _beng _cFEDL |
||
| 041 |
_ahin _2hin |
||
| 084 |
_a491.433 BHA/O _qFEDL |
||
| 100 | _aBhargava | ||
| 245 | 0 | _aAadarsh hindi shabda kosh. Vol 2 | |
| 260 |
_aBanaras, India _bPandit Pritahvi Nath |
||
| 300 | _a1250p. | ||
| 942 |
_cHB _h491.433 BHA/O |
||
| 999 |
_c1321511 _d1321511 |
||